| Tag |
First Indicator |
Second Indicator |
Subfields |
| LEADER |
00000cam a2200000 a 4500 |
| 001 |
in00000019466 |
| 005 |
20151007053626.0 |
| 008 |
870513s1987 wiua 00011 eng |
| 010 |
|
|
|a 87014411
|
| 020 |
|
|
|a 0870541552 (alk. paper) :
|c $16.95
|
| 035 |
|
|
|a (OCoLC)15792325
|
| 035 |
|
|
|9 AAB2277AM
|
| 040 |
|
|
|a DLC
|c DLC
|d TXA
|d UtOrBLW
|
| 049 |
|
|
|a TXAM
|c [A11466957]
|
| 050 |
0 |
0 |
|a PS3569.H39117
|b P65 1987
|
| 082 |
0 |
|
|a 813/.54
|2 19
|
| 100 |
1 |
|
|a Shea, Michael,
|d 1946-
|
| 245 |
1 |
0 |
|a Polyphemus /
|c stories by Michael Shea ; foreword by Algis Budrys ; artwork by John Stewart.
|
| 250 |
|
|
|a 1st ed.
|
| 264 |
|
1 |
|a Sauk City, Wis. :
|b Arkham House Publishers,
|c [1987]
|
| 264 |
|
4 |
|c ©1987
|
| 300 |
|
|
|a x, 245 pages :
|b illustrations ;
|c 21 cm.
|
| 336 |
|
|
|a text
|b txt
|2 rdacontent
|
| 337 |
|
|
|a unmediated
|b n
|2 rdamedia
|
| 338 |
|
|
|a volume
|b nc
|2 rdacarrier
|
| 505 |
0 |
|
|a Polyphemus -- The angel of death -- Uncle Tuggs -- The pearls of the vampire queen -- The horror on the #33 -- The extra -- The autopsy.
|
| 650 |
|
0 |
|a Horror tales, American.
|
| 999 |
|
|
|a MARS
|
| 999 |
f |
f |
|s 13715772-8630-3e7f-8f04-90decb753e99
|i b9954921-c7ad-3b08-b244-ccb078b3b114
|t 0
|
| 952 |
f |
f |
|p ric
|a Texas A&M University
|b Rellis Campus
|c Joint Library Facility
|d Remote Storage
|t 0
|e PS3569 .H39117 P65 1987
|h Library of Congress classification
|i unmediated -- volume
|m A14811466957
|
| 998 |
f |
f |
|a PS3569 .H39117 P65 1987
|t 0
|l Remote Storage
|